[Event "Najdorf"]
[Site "Buenos Aires"]
[Date "1997.05.29"]
[Round "9"]
[White "Kotronias, Vasilios"]
[Black "Ricardi, Pablo"]
[Result "0-1"]
[WhiteElo "2590"]
[BlackElo "2575"]
[PlyCount "124"]
[EventDate "1997.05.19"]
[Source "ChessBase"]
[SourceDate "1997.10.13"]

1. e4 d5 2. exd5 Qxd5 3. Nc3 Qa5 4. d4 Nf6 5. Nf3 Bg4 6. h3 Bxf3 7. Qxf3 c6 8. Bd2 Nbd7 9. O-O-O e6 10. Bc4 Qc7 11. Bb3 Bd6 12. g4 O-O 13. Ne2 c5 14. g5 c4 15. gxf6 cxb3 16. axb3 Rfc8 17. c4 Nxf6 18. Rhg1 Ne8 19. Kb1 a5 20. c5 Bf8 21. Nc3 b6 22. Ne4 Qc6 23. Bc3 b5 24. d5 exd5 25. Nd6 Nxd6 26. cxd6 d4 27. Qxc6 Rxc6 28. Rxd4 b4 29. d7 Rd8 30. Bd2 Rc7 31. Rg5 Rcxd7 32. Rxd7 Rxd7 33. Kc2 Rc7+ 34. Kd3 Rc5 35. Be3 Rxg5 36. Bxg5 Bc5 37. f3 f6 38. Bf4 Bb6 39. Kc4 Kf7 40. Kd5 g5 41. Bd6 h5 42. Bb8 Kg6 43. Ke4 f5+ 44. Kd3 h4 45. Ke2 Kh5 46. Kf1 Bd4 47. Bc7 a4 48. bxa4 Bxb2 49. Ke2 Bd4 50. Kd3 b3 51. a5 g4 52. fxg4+ fxg4 53. hxg4+ Kxg4 54. a6 b2 55. Kc2 h3 56. Be5 Kf5 57. Bh2 Ke4 58. Kb1 Kd5 59. a7 Bxa7 60. Kxb2 Ke4 61. Kc2 Kf3 62. Kd3 Kg2 0-1

[Event "URS-ch1L"]
[Site "Kischniev"]
[Date "1975.??.??"]
[Round "?"]
[White "Gufeld, Eduard E"]
[Black "Bronstein, David I"]
[Result "1-0"]
[WhiteElo "2535"]
[BlackElo "2590"]
[PlyCount "75"]
[EventDate "1975.10.??"]
[Source "www.chesslib.no"]
[SourceDate "2004.05.04"]

1. e4 d5 2. exd5 Qxd5 3. Nc3 Qa5 4. d4 Nf6 5. Nf3 Bg4 6. h3 Bxf3 7. Qxf3 c6 8. Bd2 Nbd7 9. O-O-O e6 10. Kb1 Qb6 11. Bc1 Nd5 12. Ne4 Be7 13. c4 N5f6 14. Nc3 c5 15. d5 exd5 16. Nxd5 Nxd5 17. Rxd5 Rd8 18. Bd3 O-O 19. Qe4 Nf6 20. Qxe7 Nxd5 21. cxd5 c4 22. Be3 Qb5 23. Be2 f5 24. Bf3 c3 25. Qa3 f4 26. Bc1 Rc8 27. Ka1 c2 28. Bg4 Qxd5 29. Bxc8 Rxc8 30. Re1 Rd8 31. Qc3 Qd1 32. b3 h6 33. Kb2 Rd7 34. Qc8+ Rd8 35. Re8+ Rxe8 36. Qxe8+ Kh7 37. Qe4+ Kg8 38. Qxf4 1-0

[Event "Clarin GP-f"]
[Site "Villa Gesell"]
[Date "1997.??.??"]
[Round "11"]
[White "Spangenberg, Hugo"]
[Black "Ricardi, Pablo"]
[Result "1/2-1/2"]
[WhiteElo "2550"]
[BlackElo "2575"]
[PlyCount "46"]
[EventDate "1997.03.02"]
[Source "ChessBase"]

1. e4 d5 2. exd5 Qxd5 3. Nc3 Qa5 4. d4 Nf6 5. Nf3 Bg4 6. h3 Bxf3 7. Qxf3 c6 8. Bf4 e6 9. O-O-O Bb4 10. Bc4 Bxc3 11. Qxc3 Qxc3 12. bxc3 Nbd7 13. Rhe1 O-O 14. Bf1 Rfd8 15. c4 Nb6 16. g4 Rac8 17. Re5 Nbd7 18. Ree1 Nb6 19. Re5 Nbd7 20. Ra5 Ra8 21. Bg2 Nb6 22. c5 Nfd5 23. Bg5 f6 1/2-1/2

[Event "Calvia"]
[Site "?"]
[Date "2004.??.??"]
[Round "?"]
[White "Tiviakov, S."]
[Black "Del Rio Angelis, S."]
[Result "1-0"]
[WhiteElo "2615"]
[BlackElo "2490"]
[PlyCount "65"]
[EventDate "2004.??.??"]
[Source "Chess Informant"]
[SourceDate "2004.10.01"]

1. e4 d5 2. exd5 Qxd5 3. Nc3 Qa5 4. d4 Nf6 5. Nf3 Bg4 6. h3 Bh5 7. Bc4 c6 8. Bd2 e6 9. Nd5 Qd8 10. Nxf6+ gxf6 11. g4 Bg6 12. Bb3 a5 13. a4 h5 14. g5 h4 15. Qe2 Bh5 16. O-O-O fxg5 17. d5 cxd5 18. Bc3 Bxf3 19. Qxf3 Rh6 20. Rhe1 Be7 21. Bxd5 exd5 22. Rxd5 Qb6 23. Rxg5 Re6 24. Rg8+ Bf8 25. Rxe6+ Qxe6 26. Rg1 Qh6+ 27. Kb1 Nc6 28. Bf6 Kd7 29. Qd5+ Kc7 30. Qxf7+ Kb6 31. Bg5 Qh8 32. Be3+ Bc5 33. Qb3+ 1-0

[Event "Vrsac"]
[Site "?"]
[Date "1987.??.??"]
[Round "?"]
[White "Popovic, P."]
[Black "Rogers, I."]
[Result "1-0"]
[WhiteElo "2560"]
[BlackElo "2535"]
[PlyCount "81"]
[EventDate "1987.??.??"]
[Source "ChessBase"]
[SourceDate "1987.07.01"]

1. e4 d5 2. exd5 Qxd5 3. Nc3 Qa5 4. d4 Nf6 5. Nf3 Bg4 6. h3 Bh5 7. g4 Bg6 8. Ne5 e6 9. Bg2 c6 10. h4 Be4 11. Bxe4 Nxe4 12. Qf3 Nd6 13. Bf4 f6 14. Nd3 Nb5 15. O-O Nxd4 16. Qe4 Qd8 17. Rad1 Qd7 18. Be3 c5 19. Nxc5 Bxc5 20. Bxd4 Bxd4 21. Rxd4 Qc6 22. Rfd1 O-O 23. Rd6 Qxe4 24. Nxe4 e5 25. Nc5 Nc6 26. Nxb7 Nd4 27. c3 Nf3+ 28. Kf1 Nh2+ 29. Ke2 Nxg4 30. Nd8 h5 31. Ne6 Rf7 32. c4 Re7 33. c5 Kf7 34. Nd8+ Ke8 35. b4 e4 36. Nc6 Rc7 37. b5 f5 38. a4 Rac8 39. Rd8+ Rxd8 40. Rxd8+ Kf7 41. Rd6 1-0

[Event "It (Open) Canada De Calatrava ESP"]
[Site "?"]
[Date "2006.04.16"]
[Round "8"]
[White "Sadvakasov Darmen"]
[Black "Munoz Pantoja Miguel"]
[Result "0-1"]
[WhiteElo "2619"]
[BlackElo "2469"]
[PlyCount "116"]
[EventDate "2006.??.??"]
[Source "www.chesslib.no"]
[SourceDate "2004.05.04"]

1. e4 d5 2. exd5 Qxd5 3. Nc3 Qa5 4. d4 Nf6 5. Nf3 Bg4 6. h3 Bxf3 7. Qxf3 c6 8. Bd2 Nbd7 9. O-O-O e6 10. Kb1 Bb4 11. a3 Be7 12. Bc4 Qc7 13. g4 O-O 14. Rhe1 b5 15. Bb3 b4 16. axb4 Bxb4 17. g5 Bxc3 18. gxf6 Bxd2 19. fxg7 Rfe8 20. Rxd2 Nb6 21. c3 Rab8 22. Rde2 Nd5 23. Bc2 Qf4 24. Qd3 Kxg7 25. c4 Nb4 26. Qxh7+ Kf8 27. Qh8+ Ke7 28. Qg7 Kd8 29. Qg3 Qc7 30. h4 Kc8 31. Qxc7+ Kxc7 32. h5 Rh8 33. Rh1 Rh6 34. Re3 Rbh8 35. Bd1 Rd8 36. Rf3 Rd7 37. b3 f5 38. Rg3 Kd6 39. Kb2 c5 40. Kc3 Na2+ 41. Kb2 Nb4 42. Ka3 Nc6 43. dxc5+ Kxc5 44. Rg6 Rxg6 45. hxg6 Ne5 46. Bh5 Rg7 47. Re1 Kd4 48. f4 Nd3 49. Rxe6 Nxf4 50. Rd6+ Ke5 51. c5 Nxh5 52. b4 Nf6 53. Kb3 Rxg6 54. Ra6 Rg7 55. Kc4 f4 56. b5 f3 57. Kd3 Nd5 58. b6 Nb4+ 0-1

[Event "2. Open"]
[Site "?"]
[Date "2005.10.24"]
[Round "5"]
[White "Libiszewski Fabien"]
[Black "Bauer Christian"]
[Result "0-1"]
[WhiteElo "2459"]
[BlackElo "2625"]
[PlyCount "78"]
[EventDate "2005.??.??"]
[Source "www.chesslib.no"]
[SourceDate "2004.05.04"]

1. e4 d5 2. exd5 Qxd5 3. Nc3 Qa5 4. d4 Nf6 5. Nf3 Bg4 6. h3 Bh5 7. g4 Bg6 8. Ne5 e6 9. Bg2 c6 10. Qe2 Nbd7 11. Nxd7 Nxd7 12. Bd2 O-O-O 13. O-O Qc7 14. b4 Bxb4 15. Nb5 cxb5 16. Bxb4 Nf6 17. Qxb5 Be4 18. f3 Bc6 19. Qe5 Qxe5 20. dxe5 Nd5 21. Bd2 Rd7 22. Rf2 h5 23. Bf1 Ne7 24. Bd3 hxg4 25. hxg4 Ng6 26. Bxg6 fxg6 27. Bg5 Rd4 28. Rh2 Rxh2 29. Kxh2 Bxf3 30. Rf1 Rxg4 31. Be3 Be4 32. Bxa7 Rg2+ 33. Kh3 Rxc2 34. Rf2 Rc3+ 35. Kh2 Kc7 36. Rb2 Bd5 37. a4 g5 38. Bf2 g4 39. Bg3 Ra3 0-1

[Event "Minsk"]
[Site "?"]
[Date "2006.07.12"]
[Round "3"]
[White "Lastin Alexander"]
[Black "Kislinsky Alexey"]
[Result "0-1"]
[WhiteElo "2613"]
[BlackElo "2454"]
[PlyCount "72"]
[EventDate "2006.??.??"]
[Source "www.chesslib.no"]
[SourceDate "2004.05.04"]

1. e4 d5 2. exd5 Qxd5 3. Nc3 Qa5 4. d4 Nf6 5. Nf3 Bg4 6. h3 Bh5 7. g4 Bg6 8. Ne5 e6 9. h4 Bb4 10. Rh3 Bxc3+ 11. bxc3 Nbd7 12. Nxg6 hxg6 13. Bg2 c6 14. Kf1 Nb6 15. Kg1 O-O-O 16. Qf3 Rd7 17. Bf4 Nfd5 18. Be5 Nc4 19. Bxg7 Rh7 20. Be5 Nxe5 21. dxe5 Qd8 22. c4 Nb6 23. c5 Na4 24. h5 Nxc5 25. Re1 Rd4 26. Qa3 Qb6 27. Rc3 Na4 28. Rd3 Qb4 29. Re4 Rxe4 30. Bxe4 Qe1+ 31. Kh2 Qxf2+ 32. Bg2 Nc5 33. Rc3 gxh5 34. g5 Nd7 35. Qe7 Qf4+ 36. Kh1 Rh8 0-1

[Event "Memorial R.Nezhmetdinov (open)"]
[Site "Kazan (Russia)"]
[Date "2007.06.03"]
[Round "3"]
[White "Kalegin Evgenij (RUS)"]
[Black "Azarov Sergei (BLR)"]
[Result "1-0"]
[WhiteElo "2481"]
[BlackElo "2571"]
[PlyCount "85"]
[EventDate "2007.??.??"]
[Source "www.chesslib.no"]
[SourceDate "2004.05.04"]

1. e4 d5 2. exd5 Qxd5 3. Nc3 Qa5 4. d4 Nf6 5. Nf3 Bg4 6. h3 Bh5 7. g4 Bg6 8. b4 Qb6 9. Rb1 Nbd7 10. Bg2 Ne4 11. Nxe4 Bxe4 12. O-O O-O-O 13. Qe2 f5 14. Rb3 g6 15. c4 Bg7 16. d5 Kb8 17. Ng5 Bxg2 18. Kxg2 fxg4 19. hxg4 Rhg8 20. Ne6 Rc8 21. Bf4 Nf8 22. Nxc7 e5 23. dxe6 Rxc7 24. Re3 Bd4 25. Re4 g5 26. Bxc7+ Kxc7 27. Qf3 Qc6 28. b5 Qe8 29. Qg3+ Kc8 30. Rxd4 Nxe6 31. Re1 Qf7 32. Rde4 Nf4+ 33. Kf1 Rd8 34. Qe3 Kb8 35. Re8 Qxc4+ 36. Kg1 Rxe8 37. Qxe8+ Kc7 38. Qe5+ Kb6 39. Qe3+ Kxb5 40. Rb1+ Kc6 41. Qe8+ Kd6 42. Qd8+ Ke5 43. Re1+ 1-0

[Event "Cordoba sim"]
[Site "Cordoba ARG"]
[Date "1992.??.??"]
[Round "?"]
[White "Kasparov, Gary"]
[Black "Halac, Matias"]
[Result "1-0"]
[WhiteElo "2780"]
[BlackElo "2245"]
[PlyCount "73"]
[EventDate "1992.??.??"]
[Source "www.chesslib.no"]
[SourceDate "2004.05.04"]

1. e4 d5 2. exd5 Qxd5 3. Nc3 Qa5 4. d4 Nf6 5. Nf3 Bg4 6. h3 Bxf3 7. Qxf3 c6 8. Bd3 e6 9. O-O Nbd7 10. Bf4 Be7 11. Rfe1 Nd5 12. Nxd5 cxd5 13. c4 Nf6 14. c5 O-O 15. a3 Qd8 16. b4 Ne8 17. a4 Nc7 18. b5 Qd7 19. Rab1 Rfc8 20. Rec1 Ne8 21. a5 b6 22. cxb6 axb6 23. a6 Nd6 24. Qe2 Bf8 25. Rxc8 Rxc8 26. Rc1 g6 27. Rxc8 Nxc8 28. Qc2 Bd6 29. Bxd6 Nxd6 30. Qc6 Qxc6 31. bxc6 Nc8 32. c7 Kf8 33. a7 Nxa7 34. Ba6 Ke7 35. c8=Q Nxc8 36. Bxc8 Kd6 37. Ba6 1-0

[Event "Timisoara"]
[Site "?"]
[Date "1977.05.27"]
[Round "7"]
[White "Sahovic Dragutin"]
[Black "Kholmov Ratmir D"]
[Result "1/2-1/2"]
[WhiteElo "2460"]
[BlackElo "2555"]
[PlyCount "36"]
[EventDate "1977.??.??"]
[Source "www.chesslib.no"]
[SourceDate "2004.05.04"]

1. e4 d5 2. exd5 Qxd5 3. Nc3 Qa5 4. d4 Nf6 5. Nf3 Bg4 6. h3 Bxf3 7. Qxf3 e5 8. Bd2 exd4 9. Ne4 Bb4 10. Nxf6+ gxf6 11. c3 Be7 12. Bc4 Nd7 13. O-O-O Nb6 14. Bb3 Qb5 15. Rhe1 a5 16. Qe2 Qxe2 17. Rxe2 a4 18. Bc2 Nc4 1/2-1/2

[Event "Bangkok"]
[Site "?"]
[Date "2004.??.??"]
[Round "?"]
[White "Wynn Zaw Htun"]
[Black "Rogers, I."]
[Result "0-1"]
[WhiteElo "2430"]
[BlackElo "2580"]
[PlyCount "142"]
[EventDate "2004.??.??"]
[Source "Chess Informant"]
[SourceDate "2004.02.01"]

1. e4 d5 2. exd5 Qxd5 3. Nc3 Qa5 4. d4 Nf6 5. Nf3 Bg4 6. h3 Bh5 7. g4 Bg6 8. Ne5 e6 9. Bg2 c6 10. h4 Nbd7 11. Nxd7 Kxd7 12. Bd2 h6 13. d5 exd5 14. Nxd5 Re8+ 15. Ne3 Qa4 16. b3 Qf4 17. Kf1 Ne4 18. Bxe4 Qxe4 19. f3 Qd4 20. Bc3 Bd3+ 21. Qxd3 Qxd3+ 22. cxd3 Rxe3 23. Kg2 f6 24. Bd4 Re2+ 25. Kf1 Rd2 26. Be3 Rc2 27. Rg1 Bc5 28. Bxc5 Rxc5 29. Rg2 Re8 30. Re1 Rce5 31. Re4 Rc5 32. Rge2 Rxe4 33. dxe4 g5 34. hxg5 hxg5 35. Kf2 Ke6 36. Rd2 a5 37. Kg3 Rc1 38. Kf2 b5 39. Kg3 b4 40. Kf2 c5 41. Ke3 c4 42. bxc4 Rxc4 43. Ke2 Rc3 44. Kf2 Ra3 45. Ke2 a4 46. Kf2 Rc3 47. Ke2 Rc6 48. Ke3 b3 49. axb3 axb3 50. f4 gxf4+ 51. Kxf4 Rb6 52. Rb2 Rb4 53. Ke3 Ke5 54. Kd3 Rd4+ 55. Kc3 Rxe4 56. Kxb3 Rxg4 57. Kc3 Rg3+ 58. Kc4 Re3 59. Rb5+ Ke4 60. Rb8 f5 61. Re8+ Kf3 62. Rf8 f4 63. Kd4 Re7 64. Rf6 Kg3 65. Kd3 f3 66. Rf8 f2 67. Rg8+ Kf3 68. Rf8+ Kg2 69. Rg8+ Kf1 70. Kd2 Rd7+ 71. Ke3 Ke1 0-1

[Event "Great Britain (ch)"]
[Site "?"]
[Date "1987.??.??"]
[Round "?"]
[White "King, D."]
[Black "Rogers, I."]
[Result "1/2-1/2"]
[WhiteElo "2470"]
[BlackElo "2535"]
[PlyCount "123"]
[EventDate "1987.??.??"]
[Source "ChessBase"]
[SourceDate "1987.07.01"]

1. e4 d5 2. exd5 Qxd5 3. Nc3 Qa5 4. d4 Nf6 5. Nf3 Bg4 6. h3 Bh5 7. g4 Bg6 8. Ne5 e6 9. Bg2 c6 10. O-O Nbd7 11. Qe2 Nxe5 12. dxe5 Nd7 13. f4 h5 14. f5 Bh7 15. fxe6 fxe6 16. Bg5 Qxe5 17. Qd2 Bd6 18. Bf4 Qc5+ 19. Be3 Qxe3+ 20. Qxe3 Bc5 21. Qxc5 Nxc5 22. Rae1 Ke7 23. Re5 Nd7 24. Rxh5 Bxc2 25. Rg5 Rag8 26. Kh2 Bd3 27. Re1 e5 28. Be4 Bxe4 29. Nxe4 Rh6 30. b4 Re6 31. Kg3 b6 32. Re3 g6 33. h4 Nf6 34. Nc3 Kd6 35. Rd3+ Kc7 36. Re3 e4 37. h5 gxh5 38. Rxg8 Nxg8 39. g5 Ne7 40. Rxe4 Rxe4 41. Nxe4 Ng6 42. Kf3 a5 43. bxa5 bxa5 44. Nf6 h4 45. Ne4 Kd7 46. Nc5+ Kd6 47. Nb7+ Kd5 48. Nxa5 c5 49. Nb3 c4 50. Nc1 Ne5+ 51. Ke3 h3 52. Ne2 h2 53. Ng3 Kc5 54. Kf2 c3 55. Kg2 c2 56. Ne2 Kc4 57. a4 Kb4 58. Kxh2 Nf3+ 59. Kg3 Nxg5 60. Kf4 Ne6+ 61. Ke5 Nd8 62. a5 1/2-1/2

[Event "ARG-ch"]
[Site "?"]
[Date "1998.08.11"]
[Round "5"]
[White "Tempone Marcelo Javier"]
[Black "Ricardi Pablo"]
[Result "1/2-1/2"]
[WhiteElo "2450"]
[BlackElo "2545"]
[PlyCount "25"]
[EventDate "1998.??.??"]
[Source "www.chesslib.no"]
[SourceDate "2004.05.04"]

1. e4 d5 2. exd5 Qxd5 3. Nc3 Qa5 4. d4 Nf6 5. Nf3 Bg4 6. h3 Bxf3 7. Qxf3 c6 8. Bc4 e6 9. Bb3 Nbd7 10. O-O Be7 11. Bf4 O-O 12. Rfe1 Rfe8 13. Rad1 1/2-1/2

[Event "Sonnevanck-A"]
[Site "Wijk aan Zee NED"]
[Date "1995.??.??"]
[Round "1"]
[White "Armas, Julius"]
[Black "Rogers, Ian"]
[Result "1/2-1/2"]
[WhiteElo "2415"]
[BlackElo "2570"]
[PlyCount "159"]
[EventDate "1995.02.??"]
[Source "www.chesslib.no"]
[SourceDate "2004.05.04"]

1. e4 d5 2. exd5 Qxd5 3. Nc3 Qa5 4. d4 Nf6 5. Nf3 Bg4 6. h3 Bh5 7. g4 Bg6 8. Ne5 e6 9. Bg2 c6 10. O-O Nbd7 11. Nxg6 hxg6 12. Bf4 Be7 13. Qd3 Rd8 14. a3 Nd5 15. Nxd5 cxd5 16. c4 Qa6 17. b3 O-O 18. Rfd1 dxc4 19. bxc4 Bf6 20. g5 Be7 21. h4 b6 22. Qe2 Rc8 23. Rdc1 Rfe8 24. Rc3 Qa5 25. Rh3 Qf5 26. Bh2 Nf8 27. Re3 Qa5 28. Bb7 Rb8 29. Bc6 Rec8 30. d5 e5 31. Bxe5 Bc5 32. Rh3 Re8 33. Bxe8 Rxe8 34. Qb2 Qa6 35. Rc1 Qc8 36. Rg3 Qf5 37. Bxg7 Qf4 38. Rg2 Re2 39. Qxe2 Qxc1+ 40. Qf1 Qxf1+ 41. Kxf1 Kxg7 42. a4 Nd7 43. f4 Bd6 44. Rf2 Nc5 45. f5 gxf5 46. Rxf5 Ne4 47. Kg2 Nd2 48. h5 Nxc4 49. h6+ Kg8 50. Kf3 a6 51. Ke4 Be7 52. Kd4 Nd6 53. Re5 Kh7 54. a5 bxa5 55. Rxe7 Nf5+ 56. Kc5 Nxe7 57. d6 Ng6 58. d7 Nf8 59. d8=N Ne6+ 60. Nxe6 fxe6 61. Kd6 a4 62. Ke7 a3 63. Kf7 a2 64. g6+ Kxh6 65. g7 a1=Q 66. g8=Q Qf1+ 67. Ke7 Qb5 68. Qxe6+ Kg5 69. Kd6 Kf4 70. Qd5 Qb4+ 71. Kc6 a5 72. Qf7+ Ke3 73. Qe6+ Kd3 74. Qd5+ Kc3 75. Qf3+ Kb2 76. Qe2+ Ka3 77. Qd3+ Ka4 78. Qd1+ Qb3 79. Qd4+ Ka3 80. Qd6+ 1/2-1/2

[Event "Torshavn op 3rd"]
[Site "Torshavn"]
[Date "2000.10.11"]
[Round "6"]
[White "Salmensuu, Olli"]
[Black "Danielsen, Henrik"]
[Result "0-1"]
[WhiteElo "2458"]
[BlackElo "2519"]
[PlyCount "108"]
[EventDate "2000.10.06"]
[Source "ChessBase"]
[SourceDate "2000.11.10"]

1. e4 d5 2. exd5 Qxd5 3. Nc3 Qa5 4. d4 Nf6 5. Nf3 Bg4 6. h3 Bh5 7. g4 Bg6 8. Bg2 Nbd7 9. O-O e6 10. Ne5 c6 11. h4 Nxe5 12. dxe5 Qxe5 13. Re1 Qc7 14. h5 Rd8 15. Qe2 Rd4 16. hxg6 hxg6 17. Qe5 Qxe5 18. Rxe5 Bd6 19. Re1 Rxg4 20. Ne4 Nxe4 21. Rxe4 Bh2+ 22. Kf1 Rxe4 23. Bxe4 Rh4 24. Bg2 Bf4 25. Bxf4 Rxf4 26. Rd1 Rb4 27. b3 Rh4 28. Ke2 Ke7 29. Ke3 g5 30. Rd4 Rxd4 31. Kxd4 Kd6 32. b4 f5 33. f3 b6 34. Bh1 e5+ 35. Kd3 g6 36. c3 Kd5 37. Bg2 c5 38. c4+ Kd6 39. Kc3 g4 40. bxc5+ bxc5 41. fxg4 e4 42. gxf5 gxf5 43. Bh3 Ke5 44. Kd2 f4 45. Ke2 Kd4 46. Bf5 a5 47. Bg6 e3 48. Bf7 Kc3 49. a4 Kb3 50. Kd3 Kxa4 51. Bh5 Kb4 52. Bd1 a4 53. Be2 a3 54. Kc2 a2 0-1

[Event "Budapest FS02 GM"]
[Site "Budapest"]
[Date "1998.02.13"]
[Round "7"]
[White "Keitlinghaus, Ludger"]
[Black "Czebe, Attila"]
[Result "1/2-1/2"]
[WhiteElo "2500"]
[BlackElo "2475"]
[PlyCount "80"]
[EventDate "1998.02.??"]
[Source "ChessBase"]
[SourceDate "1998.04.29"]

1. e4 d5 2. exd5 Qxd5 3. Nc3 Qa5 4. d4 Nf6 5. Nf3 Bg4 6. h3 Bh5 7. Bd2 e6 8. Bc4 c6 9. Nd5 Qd8 10. Nxf6+ gxf6 11. c3 Nd7 12. Qe2 Qc7 13. g4 Bg6 14. Nh4 Nb6 15. Bb3 c5 16. dxc5 Bxc5 17. O-O-O O-O-O 18. Nxg6 hxg6 19. h4 Nd5 20. Qf3 Qb6 21. Bxd5 exd5 22. Be3 Bxe3+ 23. fxe3 Rde8 24. Rh3 Re4 25. Rxd5 Qe6 26. Rd6 Qxg4 27. Rxf6 g5 28. Rxf7 Qxf3 29. Rhxf3 gxh4 30. Rf8+ Re8 31. Rxe8+ Rxe8 32. Rh3 Rh8 33. Kd2 Kd7 34. Ke2 Ke6 35. Kf3 Kf5 36. c4 Kg5 37. Rh1 Rf8+ 38. Ke2 Rh8 39. Kf3 Rf8+ 40. Ke2 Rh8 1/2-1/2

[Event "JUG-Cup final"]
[Site "Pula CRO"]
[Date "1991.??.??"]
[Round "3"]
[White "Smagin, Sergey B"]
[Black "Laketic, Gojko"]
[Result "1-0"]
[WhiteElo "2550"]
[BlackElo "2415"]
[PlyCount "62"]
[EventDate "1991.??.??"]
[Source "www.chesslib.no"]
[SourceDate "2004.05.04"]

1. e4 d5 2. exd5 Qxd5 3. Nc3 Qa5 4. d4 Nf6 5. Nf3 Bg4 6. h3 Bxf3 7. Qxf3 c6 8. Bd2 Nbd7 9. O-O-O e6 10. g4 Bb4 11. a3 Bxc3 12. Bxc3 Qc7 13. Bd2 O-O 14. g5 Nd5 15. c4 Ne7 16. Bf4 e5 17. Bg3 f5 18. gxf6 Rxf6 19. Qc3 Ng6 20. h4 Nf4 21. c5 b5 22. cxb6 axb6 23. Bc4+ Kh8 24. Rhe1 exd4 25. Qxd4 Nc5 26. Re5 b5 27. Bxf4 bxc4 28. Qxc4 Qb8 29. Bg3 Rxf2 30. Bxf2 Nb3+ 31. Kb1 Rxa3 1-0

[Event "Malaga op"]
[Site "Malaga"]
[Date "1999.02.11"]
[Round "9"]
[White "Korneev, Oleg"]
[Black "Vassallo, Mauricio"]
[Result "1-0"]
[WhiteElo "2583"]
[BlackElo "2381"]
[PlyCount "73"]
[EventDate "1999.02.03"]
[Source "ChessBase"]
[SourceDate "1999.03.01"]

1. e4 d5 2. exd5 Qxd5 3. Nc3 Qa5 4. d4 Nf6 5. Nf3 Bg4 6. h3 Bh5 7. g4 Bg6 8. Ne5 e6 9. Bg2 Qa6 10. h4 Bb4 11. h5 Be4 12. Bxe4 Nxe4 13. Qf3 Nd6 14. h6 gxh6 15. a3 Bxc3+ 16. Qxc3 Nc6 17. Nxc6 Qxc6 18. Qxc6+ bxc6 19. Bf4 O-O-O 20. Rxh6 Rhg8 21. f3 f5 22. g5 Rd7 23. Rxe6 Nf7 24. O-O-O Nxg5 25. Bxg5 Rxg5 26. Rxc6 h5 27. Rh6 Re7 28. b3 Re3 29. Rh1 Rxf3 30. R1xh5 Rg1+ 31. Kb2 Rd1 32. Ra6 Rxd4 33. Rxa7 Kb8 34. Ra5 f4 35. Rab5+ Kc8 36. a4 Rf1 37. Rh6 1-0

[Event "Novi Sad ol (Men)"]
[Site "Novi Sad YUG"]
[Date "1990.??.??"]
[Round "3"]
[White "Popovic, Petar"]
[Black "Gomez Baillo, Jorge H"]
[Result "1/2-1/2"]
[WhiteElo "2520"]
[BlackElo "2435"]
[PlyCount "36"]
[EventDate "1990.11.??"]
[Source "www.chesslib.no"]
[SourceDate "2004.05.04"]

1. e4 d5 2. exd5 Qxd5 3. Nc3 Qa5 4. d4 Nf6 5. Nf3 Bg4 6. h3 Bxf3 7. Qxf3 c6 8. Bd3 e6 9. O-O Nbd7 10. Bf4 Be7 11. a3 O-O 12. b4 Qd8 13. Bh2 Nd5 14. Ne4 b5 15. c4 bxc4 16. Bxc4 a5 17. b5 cxb5 18. Bxb5 N7f6 1/2-1/2

[Event "Nis"]
[Site "Nis YUG"]
[Date "1985.??.??"]
[Round "6"]
[White "Jansa, Vlastimil"]
[Black "Rogers, Ian"]
[Result "1/2-1/2"]
[WhiteElo "2465"]
[BlackElo "2485"]
[PlyCount "67"]
[EventDate "1985.??.??"]
[Source "www.chesslib.no"]
[SourceDate "2004.05.04"]

1. e4 d5 2. exd5 Qxd5 3. Nc3 Qa5 4. d4 Nf6 5. Nf3 Bg4 6. h3 Bh5 7. g4 Bg6 8. Ne5 e6 9. Bg2 Be4 10. Bxe4 Nxe4 11. Qf3 Nd6 12. O-O Be7 13. d5 O-O 14. Re1 exd5 15. Qxd5 Qxd5 16. Nxd5 Bd8 17. Bf4 c6 18. Nxc6 bxc6 19. Bxd6 cxd5 20. Bxf8 Kxf8 21. Rad1 Nd7 22. Rxd5 Nb6 23. Rc5 Na4 24. Rb5 a6 25. Rb3 Bf6 26. Rb4 Nxb2 27. Rb1 Rc8 28. R1xb2 Bxb2 29. Rxb2 Rc3 30. Kg2 a5 31. f3 a4 32. Kg3 g5 33. Rb4 Ra3 34. Rb2 1/2-1/2

[Event "Buenos Aires GP"]
[Site "Buenos Aires ARG"]
[Date "1991.??.??"]
[Round "8"]
[White "Zapata, Alonso"]
[Black "Soppe, Guillermo G"]
[Result "1-0"]
[WhiteElo "2530"]
[BlackElo "2420"]
[PlyCount "88"]
[EventDate "1991.??.??"]
[Source "www.chesslib.no"]
[SourceDate "2004.05.04"]

1. e4 d5 2. exd5 Qxd5 3. Nc3 Qa5 4. d4 Nf6 5. Nf3 Bg4 6. h3 Bh5 7. g4 Bg6 8. Ne5 e6 9. Bg2 Be4 10. Bxe4 Nxe4 11. Qf3 Nd6 12. O-O f6 13. Re1 Be7 14. Nd3 Nc6 15. b4 Nxd4 16. Qe3 Qb6 17. Na4 Qc6 18. Qxd4 Qxa4 19. Rxe6 Rd8 20. Bf4 Nc8 21. Qc4 b5 22. Qxc7 O-O 23. Rae1 Bxb4 24. R1e4 Ba5 25. Qxd8 Rxd8 26. Rxa4 bxa4 27. Ra6 Bb6 28. Rxa4 Ne7 29. Be3 Bxe3 30. fxe3 Rd7 31. Kf2 Kf7 32. Ke2 Nd5 33. Rd4 Nc3+ 34. Kd2 Rc7 35. Rb4 a5 36. Rb3 Ne4+ 37. Kc1 Nc3 38. Ra3 a4 39. Nb2 Ne2+ 40. Kd2 Ng3 41. Rxa4 Nf1+ 42. Kd3 Re7 43. Re4 Rb7 44. Nc4 Ra7 1-0

[Event "Asuncion"]
[Site "Asuncion PAR"]
[Date "1991.??.??"]
[Round "3"]
[White "Hernandez, Gilberto"]
[Black "Soppe, Guillermo G"]
[Result "1/2-1/2"]
[WhiteElo "2525"]
[BlackElo "2420"]
[PlyCount "22"]
[EventDate "1991.??.??"]
[Source "www.chesslib.no"]
[SourceDate "2004.05.04"]

1. e4 d5 2. exd5 Qxd5 3. Nc3 Qa5 4. d4 Nf6 5. Nf3 Bg4 6. h3 Bxf3 7. Qxf3 c6 8. Bd3 e6 9. O-O Nbd7 10. Ne4 Be7 11. c3 O-O 1/2-1/2

[Event "Slavutich Heroes of Chernobyl Memorial"]
[Site "?"]
[Date "2005.04.15"]
[Round "2"]
[White "Komarov Dimitri"]
[Black "Kislinsky Alexey"]
[Result "1/2-1/2"]
[WhiteElo "2531"]
[BlackElo "2410"]
[PlyCount "39"]
[EventDate "2005.??.??"]
[Source "www.chesslib.no"]
[SourceDate "2004.05.04"]

1. e4 d5 2. exd5 Qxd5 3. Nc3 Qa5 4. d4 Nf6 5. Nf3 Bg4 6. h3 Bh5 7. g4 Bg6 8. Ne5 e6 9. Bg2 c6 10. h4 Be4 11. Bxe4 Nxe4 12. Qf3 Nd6 13. Qf4 f6 14. Nf3 Nb5 15. Bd2 Nxc3 16. Bxc3 Qd5 17. Qe3 Nd7 18. a3 O-O-O 19. O-O-O Bd6 20. Kb1 1/2-1/2

[Event "Novi Sad ol (Men)"]
[Site "Novi Sad YUG"]
[Date "1990.??.??"]
[Round "12"]
[White "Van der Wiel, John T H"]
[Black "Soppe, Guillermo G"]
[Result "1/2-1/2"]
[WhiteElo "2550"]
[BlackElo "2390"]
[PlyCount "57"]
[EventDate "1990.11.??"]
[Source "www.chesslib.no"]
[SourceDate "2004.05.04"]

1. e4 d5 2. exd5 Qxd5 3. Nc3 Qa5 4. d4 Nf6 5. Nf3 Bg4 6. h3 Bh5 7. g4 Bg6 8. Ne5 e6 9. Nxg6 hxg6 10. Bg2 c6 11. O-O Nbd7 12. Bf4 Bb4 13. Ne2 O-O 14. c4 Be7 15. Re1 Bb4 16. Rf1 Be7 17. a3 Rac8 18. Re1 b5 19. c5 Nd5 20. Bg3 Qd8 21. a4 b4 22. Nc1 Bh4 23. Nb3 Bxg3 24. fxg3 Qc7 25. Qd3 e5 26. Kh2 Rcd8 27. dxe5 Nxe5 28. Qe2 Rfe8 29. Rad1 1/2-1/2

[Event "Werfen Open"]
[Site "Werfen"]
[Date "1994.??.??"]
[Round "?"]
[White "Janovsky, Sergey"]
[Black "Muhutdinov, Marat"]
[Result "1-0"]
[WhiteElo "2445"]
[BlackElo "2490"]
[PlyCount "69"]
[EventDate "1994.??.??"]
[Source "www.chesslib.no"]
[SourceDate "2004.05.04"]

1. e4 d5 2. exd5 Qxd5 3. Nc3 Qa5 4. d4 Nf6 5. Nf3 Bg4 6. h3 Bh5 7. g4 Bg6 8. Ne5 e6 9. Bd2 c6 10. Qe2 Nbd7 11. Nxg6 hxg6 12. O-O-O Nd5 13. Kb1 Bb4 14. Nxd5 Bxd2 15. Ne3 Bxe3 16. fxe3 g5 17. Qf3 Nf6 18. Bg2 Qc7 19. Rhf1 O-O 20. e4 Rad8 21. Qe3 Qh2 22. e5 Nxg4 23. hxg4 Qxg2 24. Rg1 Qh2 25. Rh1 Qg2 26. Rdg1 Qd5 27. Qh3 f6 28. Qh7+ Kf7 29. exf6 Kxf6 30. Rf1+ Ke7 31. Qxg7+ Kd6 32. Re1 b5 33. Rh7 Qe4 34. Qe7+ Kd5 35. Qc5# 1-0